Haiti and the historical construction of disasters /

Saved in:
Bibliographic Details
Main Author: Oliver-Smith, Anthony
Format: Text
Tags: Add Tag
No Tags, Be the first to tag this record!

MARC

LEADER 00000 a a2200000 04500
001 45865
003
040
100 |a Oliver-Smith, Anthony  
245 |a Haiti and the historical construction of disasters /  |c Anthony Oliver-Smith  
773 |g volumen43, número4 ( , 2010), páginas 32-36  
999 |c 32529  |d 32529